Inzerce - propagační evergreen.
Inzercia ako klasická, ale stále účinná forma propagácie. Voľba vhodného média. Atraktívnosť inzerátu. Potreba výtvarnej a grafickej úrovne, nevyhnutnosť vtipného a nápaditého riešenia. Vyššia účinnosť sa dá dosiahnuť opakovaným zverejnením inzerátu. Charakteristika inzercie.
Saved in:
| Main Author: | |
|---|---|
| Format: | Book Chapter |
| Language: | Czech |
| Subjects: | |
| Tags: |
No Tags, Be the first to tag this record!
|
MARC
| LEADER | 00000naa a2200000 4500 | ||
|---|---|---|---|
| 001 | r002639 | ||
| 005 | 20220819175212.9 | ||
| 041 | 0 | |a cze | |
| 044 | |a [CS] | ||
| 245 | 1 | 0 | |a Inzerce - propagační evergreen. |c L. Hovorka |
| 520 | |a Inzercia ako klasická, ale stále účinná forma propagácie. Voľba vhodného média. Atraktívnosť inzerátu. Potreba výtvarnej a grafickej úrovne, nevyhnutnosť vtipného a nápaditého riešenia. Vyššia účinnosť sa dá dosiahnuť opakovaným zverejnením inzerátu. Charakteristika inzercie. | ||
| 610 | 2 | 0 | |a inzercia |
| 610 | 2 | 0 | |a propagácia |
| 100 | 1 | |a Hovorka, L. | |